Hogyan épült fel a fogadalmi templom 3 millió pengőbe kerültek az építési költségek
Elmentve itt :
| Dokumentumtípus: | Cikk |
|---|---|
| Megjelent: |
1930-10-25
|
| Sorozat: | Délmagyarország
6 No. 241 |
| Kulcsszavak: | Templomépítészet Szeged 1930 |
| Online Access: | http://dmarchiv.bibl.u-szeged.hu/47375 |
| LEADER | 00487nab a2200145 i 4500 | ||
|---|---|---|---|
| 001 | delm47375 | ||
| 005 | 20180927134923.0 | ||
| 008 | 180927s1930 hu o 0|| hun d | ||
| 040 | |a SZTE Délmagyarország Archívum |b hun | ||
| 041 | |a hun | ||
| 245 | 0 | 0 | |a Hogyan épült fel a fogadalmi templom |h [elektronikus dokumentum] : |b 3 millió pengőbe kerültek az építési költségek |
| 260 | |c 1930-10-25 | ||
| 300 | |a 10-11 | ||
| 490 | 0 | |a Délmagyarország |v 6 No. 241 | |
| 695 | |a Templomépítészet Szeged 1930 | ||